Meta-Cation : New Improved Formulas for Thinking about Thinking /

Obra en tres volúmenes sobre la aplicación de la programación neurolingüística a la educación, centrada en cómo aprenden los niños (y qué pasa cuando no aprenden) y cómo potenciar su aprendizaje a través del entrenamiento hacia un sistema de creencias positivas y la capacidad como para desechar acti...

Descrición completa

Gardado en:
Detalles Bibliográficos
Autor Principal: Jacobson, Sid (autor)
Formato: Libro
Idioma:inglés
Publicado: Cupertino, EUA : Meta, 1986, c1986
Series:(Neuro-Linguistic Programming in Education)
Temas:
Etiquetas: Engadir etiqueta
Sen Etiquetas, Sexa o primeiro en etiquetar este rexistro!

MARC

LEADER 00000nam^a2200000^a^4500
001 000314777
005 20250625000000.0
009 20260310113225.061
020 |a 0-916990-17-6 
037 |a Acervo ITESO - Biblioteca 
041 |a ING 
082 |a 370. 15  |b JAC V. 2 
100 |a Jacobson, Sid  |e (autor) 
240 1 1 |a [Meta-Cation] 
245 1 0 |a Meta-Cation :  |b New Improved Formulas for Thinking about Thinking /  |c S. Jacobson. 
264 4 |a Cupertino, EUA :  |b Meta,  |c 1986, c1986 
300 |a 129 p. 
336 |a texto  |b txt  |2 rdacontenido 
337 |a sin mediación  |b n  |2 rdamedio 
338 |a volumen  |b nc  |2 rdasoporte 
440 1 |a (Neuro-Linguistic Programming in Education) 
520 |a Obra en tres volúmenes sobre la aplicación de la programación neurolingüística a la educación, centrada en cómo aprenden los niños (y qué pasa cuando no aprenden) y cómo potenciar su aprendizaje a través del entrenamiento hacia un sistema de creencias positivas y la capacidad como para desechar actitudes negativas. 
649 |a XX 
650 |a Pensamiento -  |x Tema Principal 
650 |a Metodología Educativa 
650 |a Proceso Educativo 
650 |a Programación Neurolingüística -  |x Tema Principal 
650 |a Psicología Educativa 
650 |a Educación Primaria 
910 |a Fondo General 
920 |a Impresos - Libros 
930 |a Colección General 
905 |a 101 
901 |a 0500201411  |b IT1  |c ACC  |d DT  |i D53040  |u 20250625 
902 |a https://opac.biblio.iteso.mx/vufind/Record/000314777